000 00797nam a2200253 a 4500
005 20200104041526.0
008 140303t2000 wauad gr|||| 00| 0 eng d
020 _a01952112788
040 _aCO-BoIAVH
_cCO-BoIAVH
041 _aeng
044 _axxu
082 0 4 _a333.7
_bW92g2
110 2 _bWorld Bank
245 1 _aGreening industry
_bnew roles for communities, markets, and governments
260 _aWashington
_bOxford University Press
_c2000
300 _a150 paginas :
_bilustraciones ;
_c23 x19 cm
_eCD- ROOM
650 6 _aAgricultura
650 4 _aComunidades locales
650 4 _aContaminación atmosférica
650 4 _aLegislación ambiental
650 6 _aPolítica ambiental
650 4 _aIndustria verde
942 _cLIBRO
_2ddc
999 _c1934
_d1934